000 01820cam a2200133 4500500
005 20260405085601.0
041 _afre
042 _adc
100 1 0 _aPaulet, Jean-Pierre
_eauthor
245 0 0 _aLa France : Villes et systèmes urbains
260 _bArmand Colin,
_c2010.
520 _aEn France, 80 % de la population vit en ville. La géographie des villes et des systèmes urbains est donc essentielle quand on veut comprendre toutes les problématiques contemporaines du pays. Si la renommée des villes française remonte à l’Antiquité pour certaines, c’est la généralisation des villes et le dépeuplement des campagnes au milieu du XXe siècle qui a marqué une rupture. Ce basculement s’est accompagné d’une complexification : la ville ne se comprend plus isolément mais fait partie de systèmes de villes aux problématiques nouvelles. Des questions demeurent et de nouvelles s’imposent : erreurs du « bétonnage » d’après-guerre ; désertification de régions entières ; intensification urbaine le long d’axes privilégiés ; domination parisienne et son devenir ; mais aussi : compétition entre les villes, les régions, les quartiers ; qualité de vie du citadin qui nécessite tout à la fois de réparer les erreurs du passé, de régler les problèmes en cours, de compenser des inégalités, de préserver l’environnement. Tout repose sur deux impératifs : bien-être local et durabilité. L’auteur éclaire les problématiques de la question en 16 chapitres incisifs enrichis de 30 études de cas et 75 figures originales, tout en guidant l’étudiant dans la bibliographie et vers les sites Internet utiles pour continuer la réflexion.
856 4 1 _uhttps://shs.cairn.info/la-france-villes-et-sytemes-urbains--9782200248246?lang=fr&redirect-ssocas=7080
999 _c2198736
_d2198736